Animal Crossing - les Villageois Pingouins [avec image] - Statistiques

Statistiques générales
  • Ce quiz a été pris 12 fois
  • Le résultat moyen est 8 sur 14
Statistiques - réponses
Par images Réponse % Correct
Laurie
91%
Aurore
73%
Émilien
73%
Reynald
64%
Cube
55%
Ethan
55%
Friga
55%
Gwen
55%
Miglou
55%
Nora
55%
Urbain
55%
Hervé
45%
Victor
45%
Zinzin
45%
Aucun quiz correspondant
Distribution des résultats
% des personnes avec chaque résultat
Percentile par nombre de réponses
Votre historique - résultats
Vous n’avez pas pris ce quiz